000 00955nam a2200241 i 4500
001 185527
003 SpMaBN
005 20250817120125.0
008 160628s1994 sp a |||| | spa d
020 _a84-7923-023-1
080 _a82-993(082.2)
245 0 3 _aEl cuento erótico griego, latino e indio
_b: estudio y antología /
_cintroducción, traducción y notas de Francisco Rodríguez Adrados ; ilustraciones de Antonio Mingote.
250 _a1ª ed.
260 _aMadrid :
_bEdiciones del Orto,
_c1994.
300 _aXXV, 322 p. :
_bil. ;
_c23 cm.
504 _aReferencias bibliográficas.
650 7 _aCuentos eróticos.
_9144985
650 4 _aLiteratura erótica antigua-
_xHistoria y crítica.
_9160039
700 1 _aRodríguez Adrados, Francisco,
_d1922-2020
_998318
700 1 _aMingote, Antonio,
_d1919-2012
_9240761
852 _aES-MaACL
_jL-30431
_z- enc. guaflex
_z. - Donat. Miguel A. Velasco
999 _c185527
_d185527